| 000 | 01279nas1a22002891i 4500 | ||
|---|---|---|---|
| 001 | RU\NLR\Per\521916 | ||
| 005 | 20260407172240.0 | ||
| 035 | _a(NLR Aleph) 002693148 | ||
| 090 |
_a4245834 _c4245834 |
||
| 100 | _a20071227a20069999|||y0rusy50 ca | ||
| 101 | 0 | _arus | |
| 102 | _aRU | ||
| 110 | _aau||||||||| | ||
| 200 | 1 |
_aГражданская доблесть _eведомости Межотраслевого объединенного комитета по наградам |
|
| 207 | 0 | _a2006, 1 - | |
| 210 |
_aСанкт-Петербург _cТурбизнес на Северо-Западе _d2006 - |
||
| 606 | 1 |
_aОрдена и награды _jПериодические издания _yРоссийская Федерация _91392521 _3RU\NLR\AUTH\66272391 |
|
| 686 | 1 | _aТ221(2)0-3я54 | |
| 686 | 1 | _aЦ4,6(2Р)243.7я52 | |
| 711 | 0 | 2 |
_aМежотраслевой объединенный комитет по наградам _cСанкт-Петербург _3RU\NLR\AUTH\8810108885 _9717969 |
| 801 | 0 |
_aRU _bNLR _gPSBO |
|
| 801 | 1 |
_aRU _bNLR _c20071227 _2rusmarc |
|
| 852 |
_aNLR _jП22/8528 |
||
| 942 | _cJOURNAL | ||
| 980 | _aRUSPER | ||